[Event "XXI Festival"]
[Site "Arco ITA"]
[Date "1999.10.28"]
[Round "6"]
[White "Cavatorta, Fosco"]
[Black "Ricci, Alfredo"]
[Result "0-1"]
[WhiteElo "2066"]
[BlackElo "2042"]
[PlyCount "46"]
[EventDate "1999.10.23"]

1.d4 d5 2.e3 Nf6 3.Bd3 e6 4.Nf3 b6 5.O-O Bb7 6.Ne5 Be7 7.Nd2 O-O 8.Qf3 c5 
9.b3 cxd4 10.exd4 Nbd7 11.Qh3 Ne4 12.f3 Nxe5 13.dxe5 g6 14.fxe4 dxe4 15.
Nxe4 Bxe4 16.Bh6 Bxd3 17.Bxf8 Bf5 18.Rad1 Qxf8 19.Qg3 Rd8 20.Qe3 Rc8 21.
Qf3 Rxc2 22.g4 Qh6 23.h3 Bc5+ 0-1

[Event "XXI Festival"]
[Site "Arco ITA"]
[Date "1999.10.28"]
[Round "6"]
[White "Dalponte, Dino"]
[Black "Zucchelli, Massimo"]
[Result "1/2-1/2"]
[WhiteElo "2163"]
[BlackElo "2199"]
[PlyCount "23"]
[EventDate "1999.10.23"]

1.d4 d5 2.c3 Nf6 3.Bf4 e6 4.e3 Bd6 5.Bxd6 Qxd6 6.f4 O-O 7.Bd3 b6 8.Qe2 Ne4
9.Nd2 Nxd2 10.Qxd2 Ba6 11.Nf3 Bxd3 12.Qxd3 1/2-1/2

[Event "XXI Festival"]
[Site "Arco ITA"]
[Date "1999.10.28"]
[Round "6"]
[White "Falbo, Sandro"]
[Black "Mordiglia, Riccardo"]
[Result "1/2-1/2"]
[WhiteElo "2082"]
[BlackElo "2118"]
[PlyCount "80"]
[EventDate "1999.10.23"]

1.e4 e6 2.d4 c5 3.d5 exd5 4.exd5 d6 5.Nf3 Nf6 6.Be2 Be7 7.O-O O-O 8.Nc3 
Na6 9.Nd2 Nc7 10.Nc4 b5 11.Na5 b4 12.Nc6 Qd7 13.Nxe7+ Qxe7 14.Nb5 Nce8 15.
a3 a6 16.axb4 Bb7 17.Na3 Nxd5 18.bxc5 dxc5 19.c3 Rd8 20.Qc2 Nd6 21.Bf3 Nb6
22.Bxb7 Qxb7 23.Be3 Qc6 24.Rad1 Nd5 25.Bg5 f6 26.Bc1 Rfe8 27.Rfe1 Rxe1+ 
28.Rxe1 Re8 29.Qd1 Rxe1+ 30.Qxe1 Kf7 31.Qd1 g6 32.Qg4 Qe8 33.Qd1 Qe6 34.
Nc2 Nf5 35.Kf1 Qe5 36.Ne1 Qe4 37.Nf3 Qc4+ 38.Qe2 Qxe2+ 39.Kxe2 Nd6 40.Kd3 
Ke6 1/2-1/2

[Event "XXI Festival"]
[Site "Arco ITA"]
[Date "1999.10.28"]
[Round "6"]
[White "Fercec, Nenad"]
[Black "Heinlein, Reinhold"]
[Result "1-0"]
[WhiteElo "2476"]
[BlackElo "2145"]
[PlyCount "113"]
[EventDate "1999.10.23"]

1.e4 c6 2.d4 d5 3.Nd2 dxe4 4.Nxe4 Bf5 5.Ng3 Bg6 6.h4 h6 7.Nf3 Nd7 8.h5 Bh7
9.Bd3 Bxd3 10.Qxd3 Qc7 11.Bd2 Ngf6 12.O-O-O e6 13.Ne4 O-O-O 14.g3 Nxe4 15.
Qxe4 Bd6 16.c4 c5 17.d5 Rhe8 18.Bc3 exd5 19.Qxd5 Ne5 20.Kb1 f6 21.Nh4 Nc6 
22.Qf3 Kb8 23.Nf5 Be5 24.Rhe1 Bxc3 25.Rxe8 Rxe8 26.Qxc3 Rd8 27.Qe1 Nd4 28.
Qe7 Qxe7 29.Nxe7 Kc7 30.Nd5+ Kd7 31.Rd3 Re8 32.Ne3 Kc6 33.b4 Re5 34.g4 Re4
35.b5+ Kc7 36.Kc1 Re8 37.Kd1 Re4 38.Nd5+ Kb8 39.Re3 Rxe3 40.Nxe3 Kc7 41.
Kd2 Kd6 42.Kd3 f5 43.gxf5 Ke5 44.f6 Kxf6 45.Ke4 Kg5 46.Kd5 b6 47.a4 Kxh5 
48.Kd6 Kg5 49.Kc7 Ne2 50.Kb7 Nc3 51.a5 bxa5 52.Kxa7 Ne4 53.Kb6 Kf4 54.Kc6 
Ke5 55.b6 Nd6 56.f4+ Ke6 57.f5+ 1-0

[Event "XXI Festival"]
[Site "Arco ITA"]
[Date "1999.10.28"]
[Round "6"]
[White "Frilli, Fabio"]
[Black "Ptaschinski, Dirk"]
[Result "1-0"]
[WhiteElo "1915"]
[BlackElo "2182"]
[PlyCount "81"]
[EventDate "1999.10.23"]

1.f4 d5 2.Nf3 g6 3.e3 Bg7 4.d4 Nf6 5.Bd3 O-O 6.O-O c5 7.c3 b6 8.Nbd2 Bb7 
9.Ne5 Nbd7 10.Qe1 Ne4 11.Rf3 Nxe5 12.fxe5 f6 13.exf6 exf6 14.Nxe4 dxe4 15.
Bc4+ Bd5 16.Bxd5+ Qxd5 17.Rf2 f5 18.Qe2 c4 19.b3 Rfc8 20.b4 a5 21.Ba3 Bf8 
22.Rb1 Be7 23.g4 Rf8 24.gxf5 Rxf5 25.Rxf5 gxf5 26.Kh1 Kh8 27.Qh5 Rf8 28.
bxa5 Bxa3 29.axb6 Bd6 30.b7 Qa5 31.Qh6 Qd8 32.a4 f4 33.exf4 e3 34.a5 Bb8 
35.Qe6 Re8 36.Qxc4 e2 37.Re1 Qe7 38.Qc6 Rf8 39.a6 Rxf4 40.Qg2 Re4 41.Rg1 
1-0

[Event "XXI Festival"]
[Site "Arco ITA"]
[Date "1999.10.28"]
[Round "6"]
[White "Gorbatov, Alexej"]
[Black "Rytshagov, Mikhail"]
[Result "0-1"]
[WhiteElo "2353"]
[BlackElo "2539"]
[PlyCount "48"]
[EventDate "1999.10.23"]

1.g3 e5 2.Bg2 d5 3.c3 Nf6 4.d4 exd4 5.cxd4 Bd6 6.Nc3 c6 7.Qc2 O-O 8.Bf4 
Bxf4 9.gxf4 g6 10.e3 Bf5 11.Qd2 Nbd7 12.Nge2 Nb6 13.b3 Qd7 14.h4 a5 15.a4 
Rfe8 16.Ng3 Bg4 17.Kf1 Qe7 18.Kg1 Nc8 19.Re1 Nd6 20.f3 Bf5 21.Nxf5 Nxf5 
22.e4 dxe4 23.fxe4 Rad8 24.Kh2 Ng4+ 0-1

[Event "XXI Festival"]
[Site "Arco ITA"]
[Date "1999.10.28"]
[Round "6"]
[White "Heinig, Wolfram"]
[Black "Burchert, Wolfgang"]
[Result "0-1"]
[WhiteElo "2296"]
[BlackElo "2187"]
[PlyCount "96"]
[EventDate "1999.10.23"]

1.d4 c5 2.d5 e5 3.e4 d6 4.Nc3 Nf6 5.Bd3 Be7 6.h3 O-O 7.Nf3 a6 8.a4 b6 9.
O-O Ne8 10.Nd2 Bg5 11.Nc4 Bxc1 12.Qxc1 Nd7 13.f4 Rb8 14.Be2 Qe7 15.Bg4 
Nef6 16.Bxd7 Nxd7 17.f5 Nf6 18.g4 h6 19.Qe1 Nh7 20.Kg2 Bd7 21.Nd2 b5 22.h4
bxa4 23.Nd1 f6 24.Rh1 Kf7 25.Ra3 Ke8 26.Rg3 Rb4 27.Qe3 Kd8 28.c3 Rb7 29.
Nf3 Be8 30.g5 hxg5 31.hxg5 Nxg5 32.Nxg5 fxg5 33.Rh7 Kc8 34.Rxg5 Rf7 35.Qg3
Kb8 36.Rg6 Bb5 37.Kf2 Qd7 38.Re6 a3 39.bxa3 Ba4 40.Qd3 Bxd1 41.Qxd1 Rb2+ 
42.Kg3 Qb5 43.Rh2 Rxh2 44.Kxh2 Qb2+ 45.Kg3 Qxc3+ 46.Kg4 Qe3 47.Qa4 Qf4+ 
48.Kh5 Rxf5+ 0-1

[Event "XXI Festival"]
[Site "Arco ITA"]
[Date "1999.10.28"]
[Round "6"]
[White "Hocevar, Nikola"]
[Black "Valenti, Giuseppe"]
[Result "1/2-1/2"]
[WhiteElo "2174"]
[BlackElo "2227"]
[PlyCount "23"]
[EventDate "1999.10.23"]

1.c4 b6 2.Nc3 e6 3.Nf3 Bb7 4.g3 Nf6 5.Bg2 Be7 6.O-O O-O 7.b3 d5 8.cxd5 
exd5 9.d4 Nbd7 10.Ne5 c5 11.Bf4 Re8 12.Nxd7 1/2-1/2

[Event "XXI Festival"]
[Site "Arco ITA"]
[Date "1999.10.28"]
[Round "6"]
[White "Kloster, Josef"]
[Black "Prang, Edgar"]
[Result "0-1"]
[WhiteElo "2145"]
[BlackElo "2249"]
[PlyCount "137"]
[EventDate "1999.10.23"]

1.e4 e6 2.d4 d5 3.exd5 exd5 4.c4 Nd7 5.Nc3 Ngf6 6.Nf3 Be7 7.Bd3 O-O 8.O-O 
dxc4 9.Bxc4 Nb6 10.Bd3 Bg4 11.Be3 c6 12.h3 Bh5 13.g4 Bg6 14.Bxg6 hxg6 15.
Ne5 Nfd5 16.Qf3 Qd6 17.Ne4 Qe6 18.Rfe1 Rae8 19.a4 Nb4 20.a5 Nd7 21.Nxd7 
Qxd7 22.Nc5 Bxc5 23.dxc5 a6 24.Bf4 Qd3 25.Qxd3 Nxd3 26.Rxe8 Rxe8 27.Be3 
Re5 28.Ra4 Nxc5 29.Rb4 Nd3 30.Rxb7 Rxa5 31.Rb8+ Kh7 32.Rb7 Kg8 33.Rb8+ Kh7
34.Rb7 f6 35.Rb6 c5 36.Kf1 g5 37.Ke2 Ne5 38.Rb7 Kg6 39.Rb8 c4 40.Rb6 Rb5 
41.Bd4 Rxb6 42.Bxb6 Kf7 43.Bd4 Ke6 44.Ke3 Kd5 45.Bc3 Nd3 46.b3 Nf4 47.
bxc4+ Kxc4 48.Bb2 Nxh3 49.Ba3 Nf4 50.Ke4 a5 51.Kf5 Kd5 52.Bf8 Ne6 53.Ba3 
a4 54.Bb2 Nf4 55.Ba3 Kc4 56.Bf8 Nd5 57.Ke6 Nc3 58.Kf7 Ne4 59.Kxg7 Kb3 60.
f3 Nd2 61.Kxf6 Nxf3 62.Kf5 a3 63.Ke4 Nd2+ 64.Kd3 a2 65.Bg7 Nc4 66.Ba1 Na3 
67.Bf6 Nc2 68.Bg7 Ne1+ 69.Kd2 0-1

[Event "XXI Festival"]
[Site "Arco ITA"]
[Date "1999.10.28"]
[Round "6"]
[White "Lantini, Marco"]
[Black "Klimm, Wolf-Dietrich"]
[Result "1-0"]
[WhiteElo "2193"]
[BlackElo "2212"]
[PlyCount "85"]
[EventDate "1999.10.23"]

1.e4 c6 2.d4 d5 3.e5 Bf5 4.Nf3 e6 5.Be2 c5 6.Be3 cxd4 7.Nxd4 Ne7 8.c4 Bxb1
9.Rxb1 Nec6 10.O-O Nxd4 11.Qxd4 Nc6 12.Qf4 d4 13.Rfd1 Qc7 14.Bxd4 Nxd4 15.
Qxd4 Bc5 16.Qe4 O-O 17.b4 Be7 18.c5 a5 19.a3 axb4 20.axb4 Rfd8 21.g3 Rac8 
22.Bb5 g6 23.Ra1 Rxd1+ 24.Rxd1 Rd8 25.Rxd8+ Bxd8 26.Be2 b6 27.c6 Kf8 28.
Bb5 Qe7 29.Kf1 Bc7 30.Qd4 Qd8 31.Qxd8+ Bxd8 32.Ke2 Bc7 33.f4 f6 34.exf6 
Kf7 35.Kd3 Kxf6 36.Kc4 e5 37.fxe5+ Kxe5 38.Ba4 Kd6 39.Kb5 h6 40.Ka6 g5 41.
Kb7 Bd8 42.Kc8 Bc7 43.b5 1-0

[Event "XXI Festival"]
[Site "Arco ITA"]
[Date "1999.10.28"]
[Round "6"]
[White "Lazarev, Vladimir"]
[Black "Borgo, Giulio"]
[Result "1-0"]
[WhiteElo "2501"]
[BlackElo "2444"]
[PlyCount "64"]
[EventDate "1999.10.23"]

1.d4 d5 2.c4 e6 3.Nf3 c6 4.Qc2 Nf6 5.Bg5 Nbd7 6.cxd5 exd5 7.Nc3 Be7 8.e3 
Nh5 9.Bxe7 Qxe7 10.g4 Nhf6 11.Rg1 Nb6 12.h3 Be6 13.Ne5 Nfd7 14.Nd3 g5 15.
O-O-O O-O-O 16.f4 Bf5 17.Re1 Bxd3 18.Bxd3 h5 19.Qf2 hxg4 20.hxg4 Rde8 21.
e4 Qd8 22.Kb1 gxf4 23.exd5 cxd5 24.Qxf4 Rxe1+ 25.Rxe1 Qf6 26.Bf5 a6 27.Na4
Kd8 28.Nxb6 Qxb6 29.Bxd7 Kxd7 30.Qxf7+ Kc8 31.Qf5+ Kd8 32.Qxd5+ Kc8 1-0

[Event "XXI Festival"]
[Site "Arco ITA"]
[Date "1999.10.28"]
[Round "6"]
[White "Lovati, Paolo"]
[Black "Ager, Josef"]
[Result "1/2-1/2"]
[WhiteElo "2080"]
[BlackElo "2330"]
[PlyCount "85"]
[EventDate "1999.10.23"]

1.g3 g6 2.Bg2 Bg7 3.c4 e5 4.Nc3 Ne7 5.d3 O-O 6.e3 c6 7.Nge2 Na6 8.O-O d6 
9.Rb1 Be6 10.b3 Qd7 11.Ba3 Rfd8 12.d4 Qc7 13.Qc1 f6 14.Rb2 Nf5 15.d5 Bf7 
16.dxc6 bxc6 17.Rd2 Rac8 18.Rfd1 Bf8 19.Ne4 Kg7 20.g4 Nh4 21.Bxd6 Bxd6 22.
Nxd6 Nxg2 23.Nxf7 Rxd2 24.Qxd2 Nxe3 25.Qxe3 Qxf7 26.g5 Rc7 27.Rd6 fxg5 28.
Qxe5+ Kh6 29.Ng3 Qf4 30.Nf5+ Kh5 31.Qxf4 gxf4 32.Nd4 Nb8 33.Kg2 Kg4 34.h3+
Kh4 35.Nf3+ Kh5 36.Rd4 g5 37.Ne5 Re7 38.Rd8 Rxe5 39.Rxb8 Re2 40.Rb7 Rxa2 
41.Rxh7+ Kg6 42.Rc7 Ra6 43.b4 1/2-1/2

[Event "XXI Festival"]
[Site "Arco ITA"]
[Date "1999.10.28"]
[Round "6"]
[White "Luciani, Carlo"]
[Black "Trabert, Bettina"]
[Result "1/2-1/2"]
[WhiteElo "2228"]
[BlackElo "2301"]
[PlyCount "107"]
[EventDate "1999.10.23"]

1.e4 e5 2.Nf3 Nc6 3.Bc4 Bc5 4.c3 Nf6 5.b4 Bb6 6.Qb3 O-O 7.d3 d6 8.Bg5 Qe7 
9.Nbd2 Be6 10.O-O h6 11.Be3 Rad8 12.Bxb6 axb6 13.a4 d5 14.exd5 Nxd5 15.
Rfe1 Qf6 16.Ne4 Qg6 17.Ng3 Nf4 18.Bxe6 Nxe6 19.b5 Na5 20.Qa2 Qxd3 21.Nxe5 
Qxc3 22.Nxf7 Rxf7 23.Rxe6 Qc4 24.Qxc4 Nxc4 25.Re4 Na5 26.Re2 Nb3 27.Ra3 
Rd1+ 28.Nf1 Rb1 29.f3 Rd7 30.Kf2 Nc5 31.Ne3 Rb4 32.Rea2 Kf7 33.g4 Rd8 34.
h4 Rbd4 35.Rc3 Rd2+ 36.Rxd2 Rxd2+ 37.Ke1 Rd7 38.Rc4 Nb3 39.h5 Na5 40.Rf4+ 
Ke6 41.Re4+ Kf7 42.Nf5 Nb3 43.Rf4 Ke6 44.Kf2 Ke5 45.Re4+ Kf6 46.Kg3 Nc5 
47.Rc4 Ne6 48.f4 Rd3+ 49.Kf2 Rd2+ 50.Kf3 Rd3+ 51.Ke2 Rd7 52.Ke3 Rd1 53.Ng3
Nc5 54.Ne4+ 1/2-1/2

[Event "XXI Festival"]
[Site "Arco ITA"]
[Date "1999.10.28"]
[Round "6"]
[White "Mauro, Alan"]
[Black "Carli, Carlo"]
[Result "1/2-1/2"]
[WhiteElo "2278"]
[BlackElo "2074"]
[PlyCount "139"]
[EventDate "1999.10.23"]

1.e4 c5 2.Nf3 e6 3.d4 cxd4 4.Nxd4 Nc6 5.Nxc6 bxc6 6.Bd3 Ne7 7.O-O Ng6 8.
Kh1 e5 9.Nc3 Be7 10.Ne2 d6 11.f4 Bg4 12.f5 Nf8 13.h3 Bxe2 14.Qxe2 Nd7 15.
c4 h5 16.b4 h4 17.Qe3 Nf6 18.Be2 Qb6 19.Qxb6 axb6 20.Bf3 d5 21.cxd5 cxd5 
22.exd5 e4 23.Re1 Bxb4 24.Re2 O-O 25.Bg4 Rfe8 26.d6 Bxd6 27.Bg5 Nxg4 28.
hxg4 Bg3 29.Rb1 f6 30.Be3 b5 31.Kg1 Rad8 32.Bf2 Rd3 33.Rbe1 Ra3 34.Bxg3 
hxg3 35.Rxe4 Rxe4 36.Rxe4 Rxa2 37.Kf1 Rf2+ 38.Kg1 Rc2 39.Kf1 Rf2+ 40.Kg1 
Rc2 41.Kf1 Rc4 42.Re8+ Kh7 43.Ke2 Rxg4 44.Kf3 Rb4 45.Kxg3 Rb1 46.Kh2 Rf1 
47.g4 b4 48.Rb8 Rb1 49.Rb7 b3 50.Kg2 b2 51.Kh2 Kg8 52.Kg2 Kf8 53.Kh2 Ke8 
54.Kg2 Kd8 55.Kh2 Kc8 56.Rb3 Kc7 57.Kg2 Kc6 58.Rb8 Kd5 59.Kh2 Ke4 60.Kg2 
Kf4 61.Rb4+ Kg5 62.Kh2 Re1 63.Rxb2 Re4 64.Rb7 Rxg4 65.Rxg7+ Kxf5 66.Rb7 
Kf4 67.Rb4+ Kg5 68.Rb3 f5 69.Ra3 Rd4 70.Kg3 1/2-1/2

[Event "XXI Festival"]
[Site "Arco ITA"]
[Date "1999.10.28"]
[Round "6"]
[White "Medancic, Rikard"]
[Black "Wagman, Stuart"]
[Result "0-1"]
[WhiteElo "2329"]
[BlackElo "2169"]
[PlyCount "94"]
[EventDate "1999.10.23"]

1.e4 e5 2.Nc3 Nf6 3.g3 d5 4.exd5 Nxd5 5.Bg2 Nxc3 6.bxc3 Be7 7.Ne2 O-O 8.
O-O Nd7 9.d3 Rb8 10.c4 b6 11.Nc3 Bb7 12.Bxb7 Rxb7 13.Qf3 Rb8 14.Nb5 Ra8 
15.Bb2 a6 16.Nc3 Re8 17.Rad1 Bf8 18.d4 exd4 19.Rxd4 Ne5 20.Rxd8 Nxf3+ 21.
Kg2 Raxd8 22.Kxf3 Rd4 23.Nd5 Rxc4 24.Ne3 Rc6 25.a4 h6 26.Ra1 Be7 27.c4 Bf6
28.Bxf6 Rxf6+ 29.Ke2 a5 30.Ra2 Kf8 31.Rb2 Rc6 32.Kd3 f6 33.h4 h5 34.Rb1 
Rd6+ 35.Ke2 Rd4 36.Rc1 Ke7 37.Kf3 Kd6 38.Rb1 Rd3 39.Kf4 Rd2 40.Kf3 Ra2 41.
c5+ Kxc5 42.Rc1+ Kd6 43.Rd1+ Kc6 44.Rd4 Re6 45.Rc4+ Kb7 46.Nd5 Rd6 47.Nf4 
Rdd2 0-1

[Event "XXI Festival"]
[Site "Arco ITA"]
[Date "1999.10.28"]
[Round "6"]
[White "Naumkin, Igor"]
[Black "Haag, Martin"]
[Result "1-0"]
[WhiteElo "2489"]
[BlackElo "2292"]
[PlyCount "57"]
[EventDate "1999.10.23"]

1.d4 d5 2.c4 e6 3.Nc3 c5 4.cxd5 exd5 5.Nf3 Nc6 6.g3 Nf6 7.Bg2 Be7 8.O-O 
O-O 9.Bf4 Bg4 10.dxc5 Bxc5 11.Ne5 Be6 12.Rc1 Be7 13.Nxc6 bxc6 14.Na4 Qa5 
15.Be3 Rfc8 16.Bc5 Bxc5 17.Rxc5 Qa6 18.Rc1 c5 19.Nxc5 Qxa2 20.Qd4 Rab8 21.
Nxe6 fxe6 22.Bh3 Re8 23.Rc7 Qxb2 24.Qxa7 Ne4 25.Bg4 Qf6 26.Rc6 Rb2 27.Qd7 
Kf8 28.Bxe6 Rxe2 29.Bg4 1-0

[Event "XXI Festival"]
[Site "Arco ITA"]
[Date "1999.10.28"]
[Round "6"]
[White "Ortega, Lexy"]
[Black "Romanishin, Oleg M."]
[Result "0-1"]
[WhiteElo "2499"]
[BlackElo "2567"]
[PlyCount "92"]
[EventDate "1999.10.23"]

1.d4 Nf6 2.Nf3 g6 3.c4 d6 4.Nc3 Bf5 5.g3 Ne4 6.Nxe4 Bxe4 7.Bg2 Bg7 8.O-O 
O-O 9.Ne1 Bxg2 10.Nxg2 c5 11.d5 Nd7 12.a4 a6 13.a5 b5 14.axb6 Qxb6 15.Ra3 
Rfb8 16.b3 a5 17.Ne3 Qb4 18.Nc2 Qc3 19.Bd2 Qb2 20.Bc1 Qb1 21.Ne3 Bb2 22.
Bxb2 Qxb2 23.Qa1 Qxe2 24.Rxa5 Rxa5 25.Qxa5 Ne5 26.Qa7 Re8 27.Qa4 Rf8 28.
Qa7 Nf3+ 29.Kg2 Nd2 30.Ra1 Qf3+ 31.Kg1 Ne4 32.Rf1 Nxf2 33.Rxf2 Qxe3 34.Kg2
Qe4+ 35.Kg1 h5 36.h4 Qe5 37.Kg2 Kg7 38.Qa2 Rb8 39.Re2 Qc3 40.Rxe7 Rxb3 41.
Qf2 Rb2 42.Rxf7+ Kh6 43.Qxb2 Qxb2+ 44.Rf2 Qc3 45.Rf4 g5 46.hxg5+ Kxg5 0-1

[Event "XXI Festival"]
[Site "Arco ITA"]
[Date "1999.10.28"]
[Round "6"]
[White "Ragonese, Lucio Rosario"]
[Black "Dubois, Martine"]
[Result "1/2-1/2"]
[WhiteElo "2010"]
[BlackElo "2012"]
[PlyCount "36"]
[EventDate "1999.10.23"]

1.d4 d5 2.Nf3 Nf6 3.Bg5 Ne4 4.Bf4 c5 5.e3 Qb6 6.Qc1 Nc6 7.c3 Bf5 8.Nbd2 
cxd4 9.exd4 Rc8 10.Be2 h6 11.O-O g5 12.Be3 Bg7 13.Nb3 Qd8 14.Qd1 Bg6 15.
Nfd2 Nd6 16.Bh5 O-O 17.Nc5 Bxh5 18.Qxh5 Nf5 1/2-1/2

[Event "XXI Festival"]
[Site "Arco ITA"]
[Date "1999.10.28"]
[Round "6"]
[White "Rossi, Carlo"]
[Black "Drasko, Milan"]
[Result "1/2-1/2"]
[WhiteElo "2361"]
[BlackElo "2509"]
[PlyCount "25"]
[EventDate "1999.10.23"]

1.e4 e6 2.Nf3 d5 3.Nc3 Nf6 4.e5 Nfd7 5.Ne2 c5 6.c3 Qb6 7.d4 f6 8.exf6 Nxf6
9.g3 cxd4 10.Nexd4 Nc6 11.Bg2 Nxd4 12.Nxd4 Bc5 13.O-O 1/2-1/2

[Event "XXI Festival"]
[Site "Arco ITA"]
[Date "1999.10.28"]
[Round "6"]
[White "Rossi, Giampiero"]
[Black "Lettich, Sergio"]
[Result "1-0"]
[WhiteElo "2020"]
[BlackElo "2182"]
[PlyCount "102"]
[EventDate "1999.10.23"]

1.d4 Nf6 2.c4 g6 3.g3 Bg7 4.Bg2 c6 5.Nc3 d5 6.cxd5 cxd5 7.Nf3 O-O 8.O-O 
Nc6 9.Ne5 e6 10.Nxc6 bxc6 11.b3 Re8 12.Bb2 Ba6 13.Qd2 Nd7 14.Rac1 Nb6 15.
Rfd1 Rc8 16.e3 Bb7 17.Ne2 Nd7 18.Rc2 c5 19.Rdc1 cxd4 20.Rxc8 Bxc8 21.Bxd4 
Bxd4 22.Nxd4 Bb7 23.Qb4 Qb8 24.Bf1 Rc8 25.Qa3 Rxc1 26.Qxc1 Ne5 27.Be2 a6 
28.Qc3 Qd6 29.a4 Nd7 30.b4 e5 31.Nc2 d4 32.exd4 Qd5 33.f3 e4 34.Qc4 Qg5 
35.f4 Qd8 36.a5 Nf6 37.Ne3 Ne8 38.Qc5 Ng7 39.Bc4 Qd7 40.Nd5 Bxd5 41.Qxd5 
Qe7 42.Qa8+ Ne8 43.Bxa6 Kg7 44.Qb7 Qe6 45.Qc8 Qd6 46.Qxe8 Qxd4+ 47.Kg2 
Qd2+ 48.Kh3 Qxb4 49.Qe5+ Kg8 50.Qd5 e3 51.Bc4 Qe7 1-0

[Event "XXI Festival"]
[Site "Arco ITA"]
[Date "1999.10.28"]
[Round "6"]
[White "Svensson, Leif"]
[Black "Sturma, Mauro"]
[Result "1/2-1/2"]
[WhiteElo "2221"]
[BlackElo "2095"]
[PlyCount "47"]
[EventDate "1999.10.23"]

1.Nc3 e5 2.d4 exd4 3.Qxd4 Nf6 4.Bg5 Be7 5.Nf3 Nc6 6.Qa4 d6 7.e3 Bd7 8.Qh4 
h6 9.Bd3 Rg8 10.Bxf6 Bxf6 11.Qe4+ Qe7 12.Nd5 Qxe4 13.Bxe4 Bd8 14.O-O-O g6 
15.Rhe1 Kf8 16.Nd4 Kg7 17.f4 Re8 18.Bf3 Nxd4 19.exd4 Rxe1 20.Rxe1 c6 21.
Ne3 d5 22.Kd2 Bc7 23.g3 h5 24.c3 1/2-1/2

[Event "XXI Festival"]
[Site "Arco ITA"]
[Date "1999.10.28"]
[Round "6"]
[White "Timoscenko, Gennadij A."]
[Black "Rahls, Peter"]
[Result "1-0"]
[WhiteElo "2536"]
[BlackElo "2278"]
[PlyCount "80"]
[EventDate "1999.10.23"]

1.d4 Nf6 2.Nf3 d6 3.c4 Nbd7 4.Nc3 e5 5.e4 c6 6.Be2 Be7 7.O-O O-O 8.Rb1 Re8
9.b4 exd4 10.Nxd4 Bf8 11.Qc2 Nb6 12.Bg5 h6 13.Bh4 g5 14.Bg3 Ng4 15.Rbd1 
Qf6 16.Nb3 Ne5 17.c5 dxc5 18.Nxc5 Nbd7 19.f4 Bxc5+ 20.bxc5 gxf4 21.Rxf4 
Qe7 22.Rd6 Ng6 23.Rf5 Nde5 24.Rh5 Bg4 25.Bxg4 Nxg4 26.e5 N4xe5 27.Bxe5 
Nxe5 28.Rhxh6 Qg5 29.Rh3 Ng6 30.Ne4 Rxe4 31.Qxe4 Qc1+ 32.Kf2 Qxc5+ 33.Qd4 
Qf5+ 34.Rf3 Qc2+ 35.Qd2 Qxd2+ 36.Rxd2 Ne5 37.Rf5 f6 38.h3 Rf8 39.g4 Kf7 
40.Re2 Nd7 1-0

[Event "XXI Festival"]
[Site "Arco ITA"]
[Date "1999.10.29"]
[Round "7"]
[White "Ager, Josef"]
[Black "Kloster, Josef"]
[Result "0-1"]
[WhiteElo "2330"]
[BlackElo "2145"]
[PlyCount "53"]
[EventDate "1999.10.23"]

1.d4 f5 2.g3 Nf6 3.Bg2 e6 4.Nf3 d5 5.O-O Bd6 6.Ne1 O-O 7.Nd3 Nc6 8.c3 Bd7 
9.Nd2 Be8 10.Nf3 Qe7 11.b4 Ne4 12.Bb2 a6 13.Nfe5 Rd8 14.a3 Kh8 15.f3 Nf6 
16.Qc1 Nh5 17.e3 Bxe5 18.dxe5 g5 19.g4 Ng7 20.Qe1 Bg6 21.Nc5 b6 22.Nxa6 
fxg4 23.f4 Bd3 24.b5 Bxb5 25.Nb4 Nxb4 26.cxb4 Bxf1 27.Qxf1 0-1

[Event "XXI Festival"]
[Site "Arco ITA"]
[Date "1999.10.29"]
[Round "7"]
[White "Arlandi, Ennio"]
[Black "Efimov, Igor"]
[Result "0-1"]
[WhiteElo "2465"]
[BlackElo "2445"]
[PlyCount "92"]
[EventDate "1999.10.23"]

1.d4 Nf6 2.c4 e6 3.Nc3 Bb4 4.Qc2 c5 5.dxc5 O-O 6.a3 Bxc5 7.Nf3 Qb6 8.e3 
Be7 9.e4 Nc6 10.h3 Qc7 11.Be3 b6 12.Rd1 Bb7 13.Be2 Rac8 14.O-O Rfd8 15.b4 
Qb8 16.Qb3 h6 17.Nd2 Bf8 18.Rfe1 Ne7 19.Bd4 Nh7 20.Bf1 Ng5 21.h4 Nh7 22.g3
f5 23.exf5 Nxf5 24.Nde4 Kh8 25.Bh3 Qa8 26.Be5 Be7 27.Nd6 Nxd6 28.Bxd6 Bxd6
29.Rxd6 Nf6 30.Red1 Rf8 31.R1d4 Rf7 32.f4 Rcf8 33.Qc2 a5 34.Bg2 axb4 35.
Bxb7 Qxb7 36.axb4 e5 37.fxe5 Ne8 38.R6d5 Rf1+ 39.Kg2 Nc7 40.Ne4 Nxd5 41.
cxd5 Qa6 42.Qb2 Re1 43.b5 Qa8 44.Qb4 Re2+ 45.Kh3 Qe8 46.Qd6 Qf7 0-1

[Event "XXI Festival"]
[Site "Arco ITA"]
[Date "1999.10.29"]
[Round "7"]
[White "Barbafiera, Luigi"]
[Black "Falbo, Sandro"]
[Result "1/2-1/2"]
[WhiteElo "1915"]
[BlackElo "2082"]
[PlyCount "83"]
[EventDate "1999.10.23"]

1.c4 Nf6 2.Nf3 g6 3.g3 Bg7 4.Bg2 O-O 5.O-O d6 6.Nc3 Nc6 7.d3 e5 8.Rb1 a5 
9.a3 h6 10.b4 axb4 11.axb4 Be6 12.b5 Ne7 13.Bb2 Qd7 14.Qb3 Nh5 15.Ra1 Bh3 
16.Nd5 Nxd5 17.cxd5 Bxg2 18.Kxg2 Qg4 19.Kh1 f5 20.b6 Rxa1 21.Rxa1 cxb6 22.
Qxb6 f4 23.Qxd6 fxg3 24.Qe6+ Qxe6 25.dxe6 g2+ 26.Kxg2 e4 27.Ne5 Nf4+ 28.
Kf1 exd3 29.exd3 Nxe6 30.Ra7 Rf5 31.Nxg6 Rb5 32.Bxg7 Kxg7 33.Ne7 Nf4 34.
Ra1 Nxd3 35.Ke2 Nf4+ 36.Kf3 Ne6 37.Rg1+ Kf7 38.Nc8 Rb2 39.Nd6+ Kf6 40.Ne4+
Kf7 41.Nd6+ Kf6 42.Ne4+ 1/2-1/2

[Event "XXI Festival"]
[Site "Arco ITA"]
[Date "1999.10.29"]
[Round "7"]
[White "Borgo, Giulio"]
[Black "Rossi, Carlo"]
[Result "1/2-1/2"]
[WhiteElo "2444"]
[BlackElo "2361"]
[PlyCount "38"]
[EventDate "1999.10.23"]

1.e4 c5 2.Nf3 d6 3.d4 Nf6 4.dxc5 Nxe4 5.cxd6 Nc6 6.Nbd2 Nxd6 7.Nc4 e5 8.c3
f6 9.Qb3 Qc7 10.Nxd6+ Bxd6 11.Bc4 Bd7 12.Bf7+ Ke7 13.Bd5 Na5 14.Qc2 Bb5 
15.Qe4 Bc4 16.Be3 Bxd5 17.Qxd5 Nc4 18.Bc1 Rac8 19.O-O Qc6 1/2-1/2

[Event "XXI Festival"]
[Site "Arco ITA"]
[Date "1999.10.29"]
[Round "7"]
[White "Burchert, Wolfgang"]
[Black "Gorbatov, Alexej"]
[Result "0-1"]
[WhiteElo "2187"]
[BlackElo "2353"]
[PlyCount "46"]
[EventDate "1999.10.23"]

1.e4 e6 2.d4 d5 3.Nc3 Be7 4.Bd3 dxe4 5.Nxe4 Nf6 6.Nxf6+ Bxf6 7.c3 Nd7 8.
Nf3 c5 9.O-O cxd4 10.Nxd4 O-O 11.Qc2 h6 12.Be3 Ne5 13.Be2 Bd7 14.Rad1 Qc7 
15.b3 Rac8 16.c4 Rfd8 17.f4 Ng6 18.Qb1 a6 19.g3 e5 20.Nf5 exf4 21.gxf4 Re8
22.Rxd7 Qxd7 23.Bg4 Qc7 0-1

[Event "XXI Festival"]
[Site "Arco ITA"]
[Date "1999.10.29"]
[Round "7"]
[White "Carli, Carlo"]
[Black "Gorelli Fagiolini, Marco"]
[Result "1/2-1/2"]
[WhiteElo "2074"]
[BlackElo "2206"]
[PlyCount "103"]
[EventDate "1999.10.23"]

1.e4 d6 2.d4 Nf6 3.Nc3 g6 4.Nf3 Bg7 5.Be2 O-O 6.h3 c6 7.O-O Nbd7 8.Be3 e5 
9.Qd2 Qe7 10.dxe5 dxe5 11.Bg5 Nc5 12.Rad1 Qc7 13.Qe3 Ne6 14.Bh6 Nf4 15.
Bxg7 Kxg7 16.Rd2 Qa5 17.Rfd1 Re8 18.Bf1 h6 19.Kh2 g5 20.g3 Ng6 21.Ne1 Qb4 
22.Rb1 Be6 23.a3 Qb6 24.Qxb6 axb6 25.Nd3 h5 26.Be2 Rh8 27.Rbd1 h4 28.g4 
Kf8 29.Bf1 Ke7 30.f3 Rhd8 31.Ne1 Rxd2+ 32.Rxd2 Nf4 33.Kg1 Ne8 34.a4 f6 35.
Kf2 Nd6 36.b3 Ne8 37.Nd3 Nxd3+ 38.Bxd3 Nd6 39.Ke3 Ne8 40.Nd1 Nd6 41.Nc3 
Bf7 42.Be2 Kd7 43.Rd1 Kc7 44.Kd2 Nc8 45.Kc1 Ne7 46.Bd3 Ng6 47.Ne2 Rd8 48.
Kb2 Nf8 49.c3 Ne6 50.Bc2 Ra8 51.Rd2 Ra5 52.Rd1 1/2-1/2

[Event "XXI Festival"]
[Site "Arco ITA"]
[Date "1999.10.29"]
[Round "7"]
[White "Diotallevi, Maurizio"]
[Black "Mauro, Alan"]
[Result "0-1"]
[WhiteElo "1909"]
[BlackElo "2278"]
[PlyCount "84"]
[EventDate "1999.10.23"]

1.d4 Nf6 2.Nf3 g6 3.c4 Bg7 4.Nc3 O-O 5.e4 d6 6.Be2 e5 7.O-O Nbd7 8.Re1 
exd4 9.Nxd4 Re8 10.f3 Ne5 11.Be3 c6 12.Qd2 a6 13.Rad1 Qc7 14.Nc2 Be6 15.b3
Rad8 16.Na4 Qb8 17.Nb6 d5 18.exd5 cxd5 19.c5 Nfd7 20.Nxd7 Nxd7 21.b4 Be5 
22.f4 Bc7 23.Nd4 Nf6 24.Nxe6 Rxe6 25.g3 Ne4 26.Qc1 h5 27.Bd4 Rde8 28.Bf3 
Qd8 29.Ba1 Qe7 30.Qb2 f6 31.Rxd5 Ng5 32.Rxe6 Nxf3+ 33.Kf2 Qxe6 34.Rd1 Qe3+
35.Kg2 Qe4 36.Kf2 Ne1 37.Kg1 Qe3+ 38.Qf2 Qe4 39.a3 Nf3+ 40.Kf1 Nxh2+ 41.
Kg1 Nf3+ 42.Kf1 Qc4+ 0-1

[Event "XXI Festival"]
[Site "Arco ITA"]
[Date "1999.10.29"]
[Round "7"]
[White "Dubois, Martine"]
[Black "Cavatorta, Fosco"]
[Result "1-0"]
[WhiteElo "2012"]
[BlackElo "2066"]
[PlyCount "59"]
[EventDate "1999.10.23"]

1.e4 Nc6 2.Nf3 d6 3.h3 Nf6 4.Nc3 e5 5.d4 exd4 6.Nxd4 Bd7 7.Be3 a6 8.g3 g6 
9.Bg2 Bg7 10.O-O O-O 11.Qd2 Re8 12.Rad1 Ne5 13.b3 c5 14.Nde2 Bxh3 15.Qxd6 
Bxg2 16.Kxg2 Qxd6 17.Rxd6 Nc6 18.f3 c4 19.Bg5 Nh5 20.g4 Bxc3 21.Nxc3 Ng7 
22.Nd5 Re6 23.Rd7 Ne8 24.Rxb7 cxb3 25.cxb3 Kg7 26.Rh1 a5 27.Bh6+ Kg8 28.
Rc1 Rd8 29.Rxc6 Rxd5 30.exd5 1-0

[Event "XXI Festival"]
[Site "Arco ITA"]
[Date "1999.10.29"]
[Round "7"]
[White "Haag, Martin"]
[Black "Lantini, Marco"]
[Result "1-0"]
[WhiteElo "2292"]
[BlackElo "2193"]
[PlyCount "57"]
[EventDate "1999.10.23"]

1.c4 e5 2.Nc3 Nf6 3.Nf3 Nc6 4.e3 Bb4 5.Qc2 Bxc3 6.Qxc3 Qe7 7.a3 d5 8.d4 
exd4 9.Nxd4 Nxd4 10.Qxd4 c5 11.Qh4 Bf5 12.cxd5 O-O 13.Be2 Qe5 14.O-O Qxd5 
15.f3 Be6 16.Rd1 Qb3 17.Rd3 Qc2 18.Kf2 Rac8 19.Rc3 Qf5 20.e4 Qe5 21.Bf4 
Qd4+ 22.Be3 Qa4 23.Rac1 b6 24.Bc4 Bxc4 25.Rxc4 Qb3 26.R1c2 h6 27.Bxh6 gxh6
28.Qxf6 Qb5 29.e5 1-0